00444 2200169 4500001002100000008004100021035002000062245004300082100001700125260004000142300001300182020001800195084001400213082000800227650002100235990001800256INLIS000000000000828 ind  a0010-0724000828 aSemantik Bahasa IndonesiacAbdul Chaer aChaer, Abdul aJakarta :bPT. Asdi Mahasatyac2002 a182 hlm. a979-518-150-5 a410 CHA p a410 aBahasa Indonesia aP29/CP/24/828